Estatísticas para Países da América

Clique aqui para jogar o quiz

Estatísticas Gerais

  • Esse quiz foi jogado 51 vezes
  • A pontuação média é 28 de 35

Estatísticas das Respostas

Resposta% Correto
Brasil
100%
Canadá
100%
México
97%
Colômbia
95%
Equador
92%
Venezuela
92%
Argentina
90%
bolívia
90%
Chile
87%
EUA
87%
Jamaica
87%
Peru
87%
Costa RIca
85%
Cuba
85%
Paraguai
85%
Uruguai
85%
Barbados
82%
Panamá
82%
Guiana
79%
Guatemala
77%
Honduras
77%
República Dominicana
77%
Antígua e barbuda
74%
belize
74%
Haiti
74%
Nicarágua
74%
Bahamas
72%
Santa Lúcia
72%
Suriname
72%
Trinidad e Tobago
72%
El Salvador
69%
Granada
69%
Dominica
67%
São vicente e granadinhas
62%
São Cristovão e nevis
56%

Distribuição das Pontuações

Percentil de Números Respondidos

Porcentagem de Pessoas com Cada Pontuação

Sua Pontuação Histórica

Você não jogou esse quiz